La O.N.U. / (Record no. 72745)

MARC details
000 -LEADER
campo de control de longitud fija 00661nam a2200217 i 4500
001 - NÚMERO DE CONTROL
campo de control 72745
003 - IDENTIFICADOR DE NÚMERO DE CONTROL
campo de control ES-MaACL
005 - FECHA Y HORA DE LA ÚLTIMA TRANSACCIÓN
campo de control 20260212175243.0
007 - CAMPO FIJO DE DESCRIPCIÓN FÍSICA--INFORMACIÓN GENERAL
campo de control de longitud fija t|
008 - DATOS DE LONGITUD FIJA--INFORMACIÓN GENERAL
campo de control de longitud fija 190906s1961 sp ||||1| spa d
100 0# - ENTRADA PRINCIPAL--NOMBRE DE PERSONA
Nombre de persona Chaumont, Charles.
9 (RLIN) 38208
245 13 - MENCIÓN DEL TÍTULO
Título La O.N.U. /
Mención de responsabilidad, etc. por Charles Chaumont ; [traducido por J.M. Aguirre].
260 ## - PUBLICACIÓN, DISTRIBUCIÓN, ETC.
Lugar de publicación, distribución, etc. Bilbao :
Nombre del editor, distribuidor, etc. Sendo,
Fecha de publicación, distribución, etc. 1961.
300 ## - DESCRIPCIÓN FÍSICA
Extensión 150 p. ;
Dimensiones 18 cm.
490 1# - MENCIÓN DE SERIE
Mención de serie Colección "Ser: Saber" ;
Designación de volumen o secuencia 1
610 24 - PUNTO DE ACCESO ADICIONAL DE MATERIA--NOMBRE DE ENTIDAD CORPORATIVA
Nombre de entidad corporativa o nombre de jurisdicción como elemento de entrada Naciones Unidas.
9 (RLIN) 5955
700 ## - ENTRADA AGREGADA--NOMBRE PERSONAL
Nombre de persona Aguirre Oar, José Miguel,
Fechas asociadas al nombre 1924-
9 (RLIN) 236121
830 0# - PUNTO DE ACCESO ADICIONAL DE SERIE-TÍTULO UNIFORME
Título uniforme Colección "Ser: Saber" ;
Designación de volumen o secuencia 1
9 (RLIN) 183793
852 ## - LOCALIZACIÓN
Ubicación ES-MaACL
Número de control de estantería P-792-Bis-1
Holdings
Estatus retirado Estado de pérdida Estado de daño No para préstamo Biblioteca de origen Biblioteca actual Ubicación en estantería Fecha de adquisición Fuente de adquisición Total de préstamos Signatura topográfica completa Código de barras Visto por última vez Precio de reemplazo Tipo de ítem Koha
        Biblioteca del Ateneo de Madrid Biblioteca del Ateneo de Madrid Depósito 2 06/09/2019     P-792-Bis-1 1201088 23/02/2023 23/02/2023 Libro impreso